Freakonomics
Gardado en:
| Main Authors: | , |
|---|---|
| Formato: | Libro |
| Idioma: | Lingua castelá |
| Publicado: |
Barcelona
B
2006
|
| Subjects: | |
| Tags: |
Engadir etiqueta
Sen Etiquetas, Sexa o primeiro en etiquetar este rexistro!
|
MARC
| LEADER | 00000cam a2200000 a 4500 | ||
|---|---|---|---|
| 001 | UCK9937 | ||
| 003 | CL-VaPUC | ||
| 008 | 060609e20060000SP |||||||||||||||||spa|d | ||
| 020 | |a 8466625127 | ||
| 082 | 0 | 4 | |a 338.9 |b LEV |2 21 |
| 100 | |a Levitt, Steven D |e author |9 550562 | ||
| 700 | 0 | |a Duvner, Sthepen J |e author |9 499856 | |
| 245 | 1 | 0 | |a Freakonomics |
| 300 | |a 250 p | ||
| 942 | |c BK | ||
| 945 | |d 20060609 00:00:00 |a jtorresc | ||
| 260 | |a Barcelona |b B |c 2006 | ||
| 650 | 0 | |a Desarrollo económico |9 259599 | |
| 650 | 0 | |a Globalización |9 361930 | |
| 650 | 7 | |a ECONOMIA CAPITALISTA |2 CL-VaPUC |9 384723 | |
| 583 | |a last modification |c 20141103 11:49:39 |k Rodrigo Vera | ||
| 999 | |c 316935 |d 316933 | ||
| 952 | |0 0 |1 0 |4 0 |6 338_900000000000000_LEV_2006 |7 0 |8 A |9 392560 |a BIBENE |b BIBENE |d 2019-11-22 |i 4241355 |o 338.9 LEV 2006 |p 4241355 |r 2025-01-15 |w 2019-11-22 |y BK |k ICO | ||